00797 2200277 4500001002100000005001700021008004100038020001800079035002400097090002000121100001900141245010500160250001100265260002900276300001900305500003100324500001100355650005700366700001200423700001900435850001400454980001500468985000600483999001500489999001500504YOGYA-0209000000122720090227020426.0 ind  a979-8680-10-3 0010-020900000001227 a324.2598bCip D aCipto, Bambang aDuel segitiga PPP, Golkar, PDI dalam pemilu 1997cBambang Cipto ; penyunting, Sunaryo, Abadi Purwoko aCet. 1 aYogyakartabBigrafc1997 a171 hlmc21 cm aBibliografi : hlm. 168-171 aIndeks aPartai Politik IndonesiaxPemilihan Umum - Indonesia aSunaryo aPurwoko, Abadi aYPDDIY(B) a07-12-2005 a2 a99B0031435 a99B0031436